书目信息 |
| 题名: |
中国寿险业经营规律研究
|
|
| 作者: | 陈文辉 主编 | |
| 分册: | ||
| 出版信息: | 北京 中国财政经济出版社 2008.01 |
|
| 页数: | 180页 | |
| 开本: | 23cm | |
| 丛书名: | ||
| 单 册: | ||
| 中图分类: | F842.62 | |
| 科图分类: | ||
| 主题词: | 人寿保险--ren shou bao xian--保险公司--企业管理--中国 | |
| 电子资源: | ||
| ISBN: | 978-7-5095-0438-3 | |
| 000 | 00865nam0 2200241 450 | |
| 001 | 191000009428 | |
| 005 | 20080922102133.17 | |
| 010 | @a978-7-5095-0438-3@dCNY30.00 | |
| 100 | @a20080101d2008 em y0chiy0121 ea | |
| 101 | 0 | @achi |
| 102 | @aCN@b110000 | |
| 105 | @ay z 000yy | |
| 200 | 1 | @a中国寿险业经营规律研究@Azhong guo shou xian ye jing ying gui lv yan jiu@e费用、盈亏平衡、资本需求@f主编陈文辉 |
| 210 | @a北京@c中国财政经济出版社@d2008.01 | |
| 215 | @a180页@d23cm | |
| 330 | @a本书收录了寿险经营的一般理论分析、中国寿险业经营环境分析、关键指标选择及影响因素等。 | |
| 517 | 1 | @a费用、盈亏平衡、资本需求@Afei yong、ying kui ping heng、zi ben xu qiu |
| 606 | 0 | @a人寿保险@Aren shou bao xian@x保险公司@x企业管理@y中国 |
| 690 | @aF842.62@v4 | |
| 701 | 0 | @a陈文辉@Achen wen hui@4主编 |
| 801 | 0 | @aCN@c20080922 |
| 905 | @dF842.62@eC580 | |
| 999 | @atjy | |
| 中国寿险业经营规律研究:费用、盈亏平衡、资本需求/主编陈文辉.-北京:中国财政经济出版社,2008.01 |
| 180页;23cm |
| ISBN 978-7-5095-0438-3:CNY30.00 |
| 本书收录了寿险经营的一般理论分析、中国寿险业经营环境分析、关键指标选择及影响因素等。 |
| ● |
| 相关链接 |
|
|
|
正题名:中国寿险业经营规律研究
索取号:F842.62/C580
 
预约/预借
| 序号 | 登录号 | 条形码 | 馆藏地/架位号 | 状态 | 备注 |
| 1 | 679669 | 206796699 | 社科库409/409社科库 55排4列2层/ [索取号:F842.62/C580] | 在馆 | |
| 2 | 679670 | 206796706 | 社科库409/409社科库 55排4列2层/ [索取号:F842.62/C580] | 在馆 | |
| 3 | 679671 | 206796715 | 社科库409/409社科库 55排4列2层/ [索取号:F842.62/C580] | 在馆 |